LEADER 01348nam a2200289 4500 001 000000357510 003 CaOOAMICUS 005 20251111125033.0 008 240311s2024 it a 000 u ita r 020 $a978-88-351-2930-1 040 $aSeMil$bita 245 03$aIl "posto" degli oratori :$buna mappa delle proposte educative e ricreative per adolescenti a Milano /$ca cura di Rosangela Lodigiani, Veronica Riniolo. 264 1$aMilano :$bFranco Angeli,$c2024. 300 $a183 p. :$bill. ;$c23 cm 490 1 $aLa società 650 4$aMilano (Arcidiocesi) - Oratorio - Proposta educativa.$0(OLS)http://semarc/subject/58918 700 1 $aLodigiani, Rosangela,$d<1969- >.$0(OLS)http://semarc/name/15987 700 1 $aRiniolo, Veronica.$0(OLS)http://semarc/name/119314 830 3$aLa società.$0(OLS)http://semarc/title/11679 850 $aSeMil 852 $aSeMil$W1$xVenegono$y1$m3O III 18$j247094$B248685$CSeMilBibl$Z2$F248685 $81 941 1 $a7 961 $aOmaggio mons. Mario Delpini 996 $6020$a978-88-351-2930-1$9(OLS)http://semarc/number/299943 996 $6245$aIl "posto" degli oratori :$buna mappa delle proposte educative e ricreative per adolescenti a Milano$9(OLS)http://semarc/title/447762 996 $6264$aMilano :$bFranco Angeli$9(OLS)http://semarc/publisher/30369 LEADER 00919nam a2200229 i 4500 001 000000012059 003 CaOOAMICUS 005 20180830125441.0 008 180830s2004 it u000 u ita u 040 $aSeMil$bita 100 1 $aScalfari, Eugenio,$d<1924-2022>.$0(OLS)http://semarc/name/5790 245 10$aArticoli /$cEugenio Scalfari. 260 $aRoma :$bLa Biblioteca di Repubblica,$c2004. 300 $a5 v. ;$c23 cm. 650 4$aScalfari, Eugenio - Articoli.$0(OLS)http://semarc/subject/1970 774 0 $tRepubblica dal 1996 al 2004.$g3$w()111071 774 0 $tEspresso dal 1969 al 2004.$g5$w()111303 774 0 $tRepubblica dal 1985 al 1995.$g2$w()117195 774 0 $tRepubblica dal 1976 al 1984.$g1$w()117573 774 0 $tEspresso dal 1955 al 1968.$g4$w()119864 996 $6245$aArticoli$9(OLS)http://semarc/title/16003 996 $6260$aRoma :$bLa Biblioteca di Repubblica$9(OLS)http://semarc/publisher/32010